| 000 | 01913nam0a2200313 4500 | ||
|---|---|---|---|
| 001 | RU\NLR\BIBL_A\011468584 | ||
| 005 | 20241114193010.0 | ||
| 010 |
_a9785777920911 _d70 экз. |
||
| 021 |
_aRU _b2017-59759 _94230 |
||
| 035 | _a(RuMoRGB)008962127 | ||
| 035 | _a(NLR Aleph) 011468584 | ||
| 090 |
_a11842646 _c11842646 |
||
| 100 | _a20170908d2017 y0rusy50 ca | ||
| 101 | 0 | _arus | |
| 102 | _aRU | ||
| 105 | _a||||zzzz0|||y | ||
| 200 | 1 |
_aЛечебная физическая культура в акушерской практике : _eучебное пособие для студентов, обучающихся по направлению подготовки 49.03.02 "Физическая культура для лиц с отклонением в состоянии здоровья (адаптивная физическая культура)" _fН. В. Лунина _gМинистерство образования и науки Российской Федерации, Федеральное государственное бюджетное образовательное учреждение высшего образования Омский государственный университет им. Ф. М. Достоевского |
|
| 210 |
_aОмск _cИзд-во Омского гос. ун-та _d2017 |
||
| 215 |
_a55 с. _cтабл. _d21 см |
||
| 320 | _aБиблиогр.: с. 40-41 | ||
| 606 |
_aЛечебная физкультура _jУчебные издания для высших учебных заведений _xПрименение в акушерстве _92253374 _3RU\NLR\AUTH\661351494 |
||
| 686 |
_aР716.116.4я73-1 _2rubbk |
||
| 686 |
_aР716.136.4я73-1 _2rubbk |
||
| 686 | 1 | _aР716.116.4я73 | |
| 686 | 1 | _aР716.136я73 | |
| 700 | 1 |
_aЛунина _bН. В. _gНаталья Владимировна |
|
| 942 | _cBOOK | ||
| 980 | _aNBR | ||